Modern Control Engineering / (Record no. 162810)

MARC details
000 -LEADER
fixed length control field 00687nam a22002057a 4500
005 - DATE AND TIME OF LATEST TRANSACTION
control field 20190322120909.0
010 ## - LCCN (DPL NO)
LC control number A-933714
020 ## - INTERNATIONAL STANDARD BOOK NUMBER
International Standard Book Number 8120312376
Terms of availability 225.00
035 ## - SYSTEM CONTROL NUMBER
System control number A-933714
082 ## - DEWEY DECIMAL CLASSIFICATION NUMBER
Edition number 3rd
Classification number 629.8312
100 ## - MAIN ENTRY--PERSONAL NAME
Personal name Ogata, Katsuhiko
245 ## - TITLE STATEMENT
Title Modern Control Engineering /
Statement of responsibility, etc By, Katsuhiko Ogata
250 ## - EDITION STATEMENT
Edition statement 3rd
260 ## - PUBLICATION, DISTRIBUTION, ETC. (IMPRINT)
Place of publication, distribution, etc New Delhi
Name of publisher, distributor, etc Prentice-Hall of India Private Limited
Date of publication, distribution, etc 1998
270 ## - ADDRESS
Address M-97, Connaught Circus,
City New Delhi
Postal code 110001
300 ## - PHYSICAL DESCRIPTION
Extent xi,997p.
Other physical details ill
Dimensions 23cm.(Hb)
500 ## - GENERAL NOTE
General note This Twenty Second Indian Reprint Rs.225.00 & Original U.S. Edition Rs. 3444.00
942 ## - ADDED ENTRY ELEMENTS (KOHA)
Source of classification or shelving scheme Dewey Decimal Classification
Item type English Books
Edition 3rd
Classification part 629.8312
Call number suffix OGA
Holdings
Withdrawn status Lost status Not for loan Collection code Home library Current library Date acquired Cost, normal purchase price Full call number Barcode Cost, replacement price Koha item type Public note
Written off     Non-fiction Central Library Central Library 22/03/2019 225.00 629.8312 OGA A-933714 225.00 English Books W/d List No. 6878/22 ; dtd 27/08/2022

© Delhi Public Library
Hit Counter
free hit counter